Normal view
MARC view
Entry Personal Name
001 - CONTROL NUMBER
- control field: 4370
003 - CONTROL NUMBER IDENTIFIER
- control field: BD-RjUL
005 - DATE AND TIME OF LATEST TRANSACTION
- control field: 20220811141302.0
008 - FIXED-LENGTH DATA ELEMENTS
- fixed length control field: 220811|| aca||aabn | a|a d
040 ## - CATALOGING SOURCE
- Original cataloging agency: BD-RjUL
- Transcribing agency: BD-RjUL
100 ## - HEADING--PERSONAL NAME
- Personal name: সুলতানা, নিলুফার
670 ## - SOURCE DATA FOUND
- Source citation: Work cat.: (BD-RjUL)80197: আখতার, জায়নাব 4366, Step -in ভুলে যাওয়া রাজনৈতিক মঞ্চের আত্মকথন :, ২০২১